Handbook of quantum logic and quantum structures : quantum structures

Saved in:
Bibliographic Details
Other Authors: Engesser, Kurt (Editor), Gabbay, Dov M. 1945- (Editor), Lehmann, Daniel (Editor)
Format: Book
Language:English
Published: The Netherlands : Elsevier, 2007
Subjects:
Tags: Add Tag
No Tags, Be the first to tag this record!

MARC

LEADER 00000nam a2200000 i 4500
001 1/94888
008 081003s2007 eng d
020 |a 978-0-444-52870-4 
035 |l 10100618 
040 |a GR-MY-UA  |b gre  |e aacr 
041 0 |a eng 
082 0 |a 530.12015113  |2 (22) 
245 1 0 |a Handbook of quantum logic and quantum structures :  |b quantum structures /  |c edited by Kurt Engesser, Dov M. Gabbay, Daniel Lehmann 
260 |a The Netherlands :   |b Elsevier,   |c 2007 
300 |a xvi, 801 σ.;  |c 25 εκ. 
504 |a Περιέχει βιβλιογραφικές παραπομπές και ευρετήριο 
650 0 0 |a Quantum logic. 
650 0 0 |a Algebra. 
650 0 0 |a Mathematical physics. 
700 1 |a Engesser, Kurt.  |4 edt 
700 1 |a Gabbay, Dov M.  |d 1945-  |4 edt 
700 1 |a Lehmann, Daniel.  |4 edt 
852 |a INST  |b SAMOS  |e 20081003  |h 530.12015113 HAN  |p 005300030413  |q 005300030413  |t BK  |y 0 
901 |a BIBL3-2008-3 
909 |a Σ  |b 151137 
922 |a 3ΕΛΗ  |b 200803  |c ΕΠΕΑΕΚ2/ΤΜΗΜΑ ΜΑΘΗΜΑΤΙΚΩΝ  |d ΠΑΤΑΚΗΣ 
970 |a ΡΟΥΣΣΟΥ  |b ΚΩΝΣΤΑΝΤΙΝΑ  |z 2008/10/03